[Event "NATO-ch 31st"]
[Site "Blankenberge"]
[Date "2021.10.14"]
[Round "5.38"]
[White "Middaugh, Jon S"]
[Black "Tikerpuu, Mati"]
[Result "1-0"]
[WhiteElo "1899"]
[BlackElo "1789"]
[PlyCount "81"]
[EventDate "2021.10.11"]
[EventType "team-swiss"]
[EventRounds "7"]
[EventCountry "BEL"]
[SourceTitle "CBM 204 Extra"]
[Source "ChessBase"]
[SourceDate "2021.11.30"]
[SourceVersion "1"]
[SourceVersionDate "2021.11.30"]
[SourceQuality "1"]
[WhiteTeam "NATO II"]
[BlackTeam "Estonia"]
[BlackTeamCountry "EST"]

1. d4 e6 2. Nf3 b6 3. e4 Bb7 4. Bd3 c5 5. c3 c4 6. Bc2 Nf6 7. Qe2 Qc7 8. Bg5 Be7 9. Nbd2 b5 10. 0-0 0-0 11. e5 Nd5 12. Qe4 f5 13. exf6 Nxf6 14. Qh4 h6 15. Bxf6 Rxf6 16. Ne5 Qd8 17. Ne4 Rf5 18. Qg4 d6 19. Nxd6 Bxd6 20. Bxf5 exf5 21. Qxf5 Bxe5 22. Qxe5 Nd7 23. Qxb5 Nb6 24. f3 Qf6 25. Rae1 Bd5 26. Re8+ Rxe8 27. Qxe8+ Kh7 28. Re1 Qg5 29. Qe3 Qg6 30. Kf2 Na4 31. Qd2 Qf6 32. Qc2+ Kg8 33. Qxa4 Bxf3 34. Qe8+ Kh7 35. Qe5 Qh4+ 36. Qg3 Qxg3+ 37. Kxg3 Bc6 38. Re5 Ba8 39. Rc5 a6 40. d5 Bb7 41. d6 1-0

[Event "NATO-ch 31st"]
[Site "Blankenberge"]
[Date "2021.10.14"]
[Round "6.36"]
[White "Smit, Jan"]
[Black "Middaugh, Jon S"]
[Result "1/2-1/2"]
[WhiteElo "1752"]
[BlackElo "1899"]
[PlyCount "85"]
[EventDate "2021.10.11"]
[EventType "team-swiss"]
[EventRounds "7"]
[EventCountry "BEL"]
[SourceTitle "CBM 204 Extra"]
[Source "ChessBase"]
[SourceDate "2021.11.30"]
[SourceVersion "1"]
[SourceVersionDate "2021.11.30"]
[SourceQuality "1"]
[WhiteTeam "Netherlands"]
[BlackTeam "NATO II"]
[WhiteTeamCountry "NED"]

1. d4 e6 2. Nf3 d5 3. Bg5 Be7 4. Bxe7 Qxe7 5. c3 Nf6 6. Nbd2 0-0 7. e3 c5 8. Bd3 Nc6 9. 0-0 e5 10. Nxe5 Nxe5 11. dxe5 Qxe5 12. Qa4 Bd7 13. Qh4 h6 14. e4 Rfe8 15. f4 Qe7 16. e5 Nh7 17. Qxe7 Rxe7 18. c4 d4 19. Ne4 b6 20. Nd6 Bc6 21. Rae1 Rd8 22. h4 Nf8 23. g4 f6 24. g5 fxe5 25. Nf5 Re6 26. Rxe5 Rde8 27. Rfe1 Rxe5 28. Rxe5 Rxe5 29. fxe5 Bd7 30. Nd6 hxg5 31. hxg5 g6 32. Kf2 Kg7 33. Kg3 Ne6 34. Kg4 Nc7+ 35. Kf4 Na6 36. a3 Nc7 37. Kg3 a6 38. Kf4 b5 39. b3 bxc4 40. bxc4 Bc6 41. Nc8 Ne6+ 42. Kg4 Bd7 43. Nd6 1/2-1/2

[Event "Virginia Seniors op"]
[Site "Dulles"]
[Date "2021.07.10"]
[Round "2"]
[White "Middaugh, Jon S"]
[Black "Marcelino, William"]
[Result "0-1"]
[WhiteElo "1899"]
[BlackElo "2053"]
[PlyCount "58"]
[EventDate "2021.07.10"]
[EventType "swiss"]
[EventRounds "5"]
[EventCountry "USA"]
[SourceTitle "CBM 203 Extra"]
[Source "ChessBase"]
[SourceDate "2021.09.30"]
[SourceVersion "1"]
[SourceVersionDate "2021.09.30"]
[SourceQuality "1"]

1. d4 e6 2. c4 f5 3. Nc3 d5 4. Nf3 Nf6 5. e3 c6 6. Bd3 Bd6 7. Qc2 Ne4 8. h4 Nd7 9. c5 Bc7 10. b4 e5 11. dxe5 Nxe5 12. Bb2 Qe7 13. 0-0-0 a5 14. a3 axb4 15. axb4 0-0 16. Nd4 Bd7 17. f3 Nxd3+ 18. Rxd3 Ng3 19. Rhd1 Qxh4 20. Qb3 Kh8 21. Na4 f4 22. e4 dxe4 23. fxe4 Qe7 24. Nb6 Bxb6 25. cxb6 Qxe4 26. Nf3 Be6 27. Bxg7+ Kxg7 28. Qb2+ Kg8 29. Ng5 Qc4+ 0-1

[Event "NATO-ch 26th"]
[Site "Amsterdam"]
[Date "2015.07.07"]
[Round "3.40"]
[White "Van den Heuvel, Tonnie"]
[Black "Middaugh, Jon S"]
[Result "1-0"]
[WhiteElo "1885"]
[BlackElo "1767"]
[PlyCount "57"]
[EventDate "2015.07.06"]
[EventType "swiss"]
[EventRounds "7"]
[EventCountry "NED"]
[SourceTitle "EXT 2016"]
[Source "ChessBase"]
[SourceDate "2015.10.08"]
[SourceVersion "1"]
[SourceVersionDate "2015.10.08"]
[SourceQuality "1"]
[WhiteTeam "Netherlands"]
[BlackTeam "Veterans"]
[WhiteTeamCountry "NED"]

1. c4 Nf6 2. g3 d5 3. Bg2 c6 4. Nf3 g6 5. 0-0 Bg7 6. d4 dxc4 7. Ne5 0-0 8. Na3 Be6 9. Naxc4 Bd5 10. f3 Nfd7 11. e4 Bxc4 12. Nxc4 Nb6 13. Ne5 N8d7 14. f4 c5 15. Nf3 cxd4 16. Nxd4 e5 17. Nb5 exf4 18. gxf4 Nc4 19. Nc3 Qb6+ 20. Kh1 Rad8 21. Qe2 Qc5 22. e5 b5 23. Ne4 Qe7 24. a4 f6 25. axb5 Ndb6 26. b3 Nxe5 27. fxe5 Qxe5 28. Bb2 Qe7 29. Ba3 1-0

[Event "NATO-ch 26th"]
[Site "Amsterdam"]
[Date "2015.07.06"]
[Round "1.31"]
[White "Middaugh, Jon S"]
[Black "Nilsson, Erik"]
[Result "1/2-1/2"]
[WhiteElo "1767"]
[BlackElo "2085"]
[PlyCount "46"]
[EventDate "2015.07.06"]
[EventType "swiss"]
[EventRounds "7"]
[EventCountry "NED"]
[SourceTitle "EXT 2016"]
[Source "ChessBase"]
[SourceDate "2015.10.08"]
[SourceVersion "1"]
[SourceVersionDate "2015.10.08"]
[SourceQuality "1"]
[WhiteTeam "Veterans"]
[BlackTeam "Denmark"]
[BlackTeamCountry "DEN"]

1. d4 Nf6 2. c4 c5 3. d5 b5 4. cxb5 a6 5. b6 d6 6. Nc3 g6 7. Qb3 Bb7 8. Nf3 Nbd7 9. e4 Bg7 10. a4 Qxb6 11. Qxb6 Nxb6 12. a5 Nbd7 13. Ra3 0-0 14. h3 Rfb8 15. Rb3 Bc8 16. Rxb8 Rxb8 17. Kd1 Ne8 18. Kc2 Nc7 19. b3 f5 20. Bb2 Nf6 21. Bc4 Nb5 22. e5 Nd7 23. exd6 exd6 1/2-1/2